Countries With a M and S - Statistics

General Stats
  • This quiz has been taken 57 times
  • The average score is 11 of 17
Answer Stats
Answer % Correct
Suriname
87%
Marshall Islands
80%
Samoa
78%
Fed. States of Micronesia
74%
Somalia
74%
Madagascar
72%
Malaysia
72%
Mauritius
72%
Solomon Islands
72%
Bahamas
67%
Maldives
65%
Turkmenistan
63%
Comoros
61%
San Marino
61%
Sao Tome and Principe
50%
United Arab Emirates
50%
East Timor
41%
No matching quizzes found
Score Distribution
Percent of People with Each Score
Percentile by Number Answered
Your Score History
You have not taken this quiz